Performance, Prediction and Dianostics of gas turbine (Record no. 323295)

000 -LEADER
fixed length control field 00348 a2200133 4500
001 - CONTROL NUMBER
control field 88222
082 ## - DEWEY DECIMAL CLASSIFICATION NUMBER
Classification number PR 457
090 ## - LOCALLY ASSIGNED LC-TYPE CALL NUMBER (OCLC); LOCAL CALL NUMBER (RLIN)
-- 41636
-- 41636
100 ## - MAIN ENTRY--PERSONAL NAME
Personal name Zahid Ahmed
245 ## - TITLE STATEMENT
Title Performance, Prediction and Dianostics of gas turbine
260 ## - PUBLICATION, DISTRIBUTION, ETC.
Place of publication, distribution, etc. Risalpur
Name of publisher, distributor, etc. NUST Risalpur
Date of publication, distribution, etc. 1999
300 ## - PHYSICAL DESCRIPTION
Extent x, 86p.
Accompanying material Khalid Pervaiz
500 ## - GENERAL NOTE
General note BE Project Reports
942 ## - ADDED ENTRY ELEMENTS (KOHA)
Institution code [OBSOLETE] CAE NUST
Call number prefix PR 457
Holdings
Withdrawn status Lost status Damaged status Not for loan Collection code Permanent Location Current Location Date acquired Total Checkouts Full call number Barcode Date last seen Price effective from Koha item type
          College of Aeronautical Engineering (CAE) College of Aeronautical Engineering (CAE) 04/03/2017   PR 457 CAEPR-457 04/05/2017 04/05/2017 Book
© 2023 Central Library, National University of Sciences and Technology. All Rights Reserved.